Rathore world geography useful candidates appearing for entrance exams / (Record no. 101335)

MARC details
000 -LEADER
fixed length control field 00627nam a22001817a 4500
005 - DATE AND TIME OF LATEST TRANSACTION
control field 20160720111321.0
010 ## - LCCN (DPL NO)
LC control number ENG-115444
020 ## - INTERNATIONAL STANDARD BOOK NUMBER
International Standard Book Number 9789385493119
Terms of availability 175.00
035 ## - SYSTEM CONTROL NUMBER
System control number EN-98976
037 ## - SOURCE OF ACQUISITION
Source of stock number/acquisition DBAD/PUB
082 ## - DEWEY DECIMAL CLASSIFICATION NUMBER
Classification number 910
245 ## - TITLE STATEMENT
Title Rathore world geography useful candidates appearing for entrance exams /
Statement of responsibility, etc edited by Kunwar Ishwar Singh Rathore
260 ## - PUBLICATION, DISTRIBUTION, ETC. (IMPRINT)
Place of publication, distribution, etc New Delhi
Name of publisher, distributor, etc Rathore Publishers & Disrtibutors
Date of publication, distribution, etc 2016
270 ## - ADDRESS
Address 202,2nd Floor,4832/24 Ansari Road Daryaganj
City New Delhi
Postal code 110002
300 ## - PHYSICAL DESCRIPTION
Extent 233p.
Other physical details 24cm(pbk)
700 ## - ADDED ENTRY--PERSONAL NAME
Personal name Rathore,Kunwar Ishwar Singh
942 ## - ADDED ENTRY ELEMENTS (KOHA)
Source of classification or shelving scheme Dewey Decimal Classification
Item type English Books
Call number suffix RAT
Classification part 910
Holdings
Withdrawn status Lost status Not for loan Collection code Home library Current library Date acquired Source of acquisition Cost, normal purchase price Full call number Barcode Copy number Cost, replacement price Koha item type
    Not For Loan Non-fiction D.B.Act.Division Bawana 18/07/2016 DBAD/PUB 175.00 910 RAT EN-98976 1 175.00 English Books

© Delhi Public Library
Hit Counter
free hit counter